[Event "Tournament of Champions Women 2018"]
[Site "Pleven"]
[Date "2018.05.21"]
[Round "9"]
[White "Videnova, Iva"]
[Black "Velcheva, Maria"]
[Result "1-0"]
[WhiteElo "2345"]
[BlackElo "2233"]
[Annotator "TA"]
[PlyCount "71"]
[EventDate "2018.??.??"]
[EventCountry "BUL"]
[SourceTitle "playchess.com"]
[Source "ChessBase"]
[SourceQuality "1"]

{[%evp 24,71,57,58,54,58,33,44,41,0,0,0,78,18,63,63,70,46,34,43,41,35,35,14,38,39,70,80,72,54,101,110,104,107,175,147,258,260,260,256,222,192,249,229,632,353,343,341,1586,1556]} 1. e4 c5 2. Nf3 Nc6 3. d4 cxd4 4. Nxd4 Qb6 5. Nb3 Nf6 6. Nc3 e6 7. Qe2 Bb4 8. Bd2 O-O 9. a3 {B33: Sizilianisch (Lasker/Pelikan/Sweschnikow-Variante)} (9. O-O-O d5 10. exd5 exd5 11. Be3 Qc7 12. Nb5 Qd8 13. f3 a6 14. N5d4 Re8 15. Qf2 Ne5 16. Bd2 Bd6 17. Kb1 a5 18. Bb5 a4 {½-½ (76) Amonatov,F (2620)-Korobov,A (2692) Doha 2016}) 9... Bxc3 10. Bxc3 e5 11. O-O-O Qc7 12. g4 {[%cal Bg2g4,Bg4g5][%mdl 32]} d6 13. g5 $1 {[%cal Rg5f6] LiveBook: 6 Partien} Nd7 {[%cal Bf6d7,Bd7b6,Bb6a4][%mdl 32]} 14. Qe3 Nb6 15. f4 Rd8 16. h4 $146 ({Vorgänger:} 16. Na5 Bd7 {0-1 (31) Jackson,J (2311)-Petrov,M (2475) Crawley 2016}) 16... Bg4 17. Rd2 Rac8 {[#]} (17... Be6 $11) 18. Kb1 (18. h5 $1 $16) 18... Na4 {Und weiter mit ...exf4 wäre nett.} 19. f5 Qb6 20. Rd3 (20. Qg3 {looks sharper.} Nxc3+ 21. Qxc3 Nd4 22. Qd3 Nxb3 23. cxb3 Bh5 24. Bh3) 20... Qxe3 21. Rxe3 d5 22. exd5 Nxc3+ 23. Rxc3 Rxd5 24. Bg2 $36 {[%mdl 2048] Weiss hat gut koordiniertes Spiel.} Rd6 {[#]} 25. Na5 $1 {[%mdl 512]} Ne7 (25... Nxa5 26. Rxc8+) 26. Nxb7 Rxc3 27. Nxd6 Re3 28. f6 gxf6 (28... Nf5 $16 29. Nxf5 Bxf5) 29. gxf6 $18 Ng6 (29... Nf5 $16) 30. Bd5 Nf4 31. Bxf7+ Kf8 32. h5 Nh3 (32... Rh3 $142 33. Rg1 Ne2) 33. Bd5 Bxh5 $2 (33... Nf4) 34. Nc4 Rg3 35. Nxe5 Nf4 $2 {[#]} (35... Re3) 36. Rxh5 $1 {Precision: Weiß = 55%, Schwarz = 44%.} 1-0

[Event "Tournament of Champions Women 2018"]
[Site "Pleven"]
[Date "2018.05.21"]
[Round "9"]
[White "Voiska, Margarita"]
[Black "Radeva, Viktoria"]
[Result "1/2-1/2"]
[WhiteElo "2273"]
[BlackElo "2275"]
[Annotator "TA"]
[PlyCount "88"]
[EventDate "2018.??.??"]
[EventCountry "BUL"]
[SourceTitle "playchess.com"]
[Source "ChessBase"]
[SourceQuality "1"]

{[%evp 21,88,-30,-22,-27,-18,-18,7,-26,0,0,0,-21,15,0,0,14,13,-56,-27,-64,-101,-80,-42,-45,-53,-90,22,-91,-79,-133,0,0,7,-18,-7,-24,-8,-7,-14,-16,-26,-8,-8,0,-13,-31,-8,-11,-15,-8,0,0,0,0,0,0,0,0,0,0,8,8,7,0,0,0,8,0,0]} 1. e4 c5 2. Nf3 e6 3. d3 Nc6 4. g3 d5 5. Nbd2 Nf6 6. Bg2 Be7 7. O-O O-O 8. Re1 b6 {[%cal Bb7b6,Bb6b5][%mdl 32]} 9. e5 Nd7 10. Nf1 b5 11. h4 a5 {LiveBook: 4 Games} 12. N1h2 {C00: French: Unusual White 2nd moves} a4 13. a3 b4 14. Bf4 bxa3 15. bxa3 Ba6 $146 ({Predecessor:} 15... Rb8 16. Ng5 Rb2 17. c4 Nb6 18. Qh5 h6 19. Nh3 Qe8 20. Bxh6 gxh6 21. Qxh6 {½-½ (40) D'Amore,C (2440)-Mascellani,M (2205) Italy 1997}) 16. Ng5 h6 17. Ngf3 c4 18. dxc4 Bxc4 19. Qd2 (19. Nd2 $11 Nb6 20. Ng4) 19... Nc5 $36 {[%mdl 2048] Black has some pressure.} 20. Nd4 Nxd4 $1 21. Qxd4 Rb8 22. Ng4 Re8 23. Bf3 {[#]} Nd7 ({Black should play} 23... Bf8 $1 $17) 24. Qd2 {[#]} (24. Bxh6 $1 $11 {keeps the balance.} gxh6 25. Nxh6+ Kg7 26. Qf4) 24... Bf8 $1 $17 25. Rad1 (25. Bd1 $142) 25... Bxa3 (25... Qe7 $17 26. Ra1 Rec8) 26. Bxh6 $1 $11 gxh6 27. Qxh6 Bf8 28. Qh5 Bg7 {Hoping for ...f5.} 29. Nh6+ Bxh6 $1 30. Qxh6 Qe7 {...Qf8 is the strong threat.} 31. Rd4 f5 $1 {And now ...Qg7 would win.} 32. exf6 $1 Nxf6 33. Re5 $1 {[%cal Re5g5] White wants to mate with Rg5+.} Nh7 34. Rg4+ {The position is equal.} Kh8 {Threatens to win with ...a3.} 35. Qe3 $1 a3 36. Qd4 $1 {Threatening mate with Rxe6+.} Qf6 37. Rf4 Qg7 38. Rg4 $1 {[%cal Rg4g7]} Qf6 39. Rf4 Qg7 40. Rg4 $1 {[%cal Rg4g7]} Rb1+ 41. Kh2 Qf6 {aiming for ...a2.} 42. Rf4 Qg7 43. Rg4 Qf6 {Strongly threatening ...a2.} 44. Rf4 Qg7 {Precision: White = 54%, Black = 57%.} 1/2-1/2

[Event "Tournament of Champions Women 2018"]
[Site "Pleven"]
[Date "2018.05.21"]
[Round "9"]
[White "Raeva, Elitsa"]
[Black "Nikolova, Adriana"]
[Result "0-1"]
[WhiteElo "2254"]
[BlackElo "2275"]
[Annotator "TA"]
[PlyCount "82"]
[EventDate "2018.??.??"]
[EventCountry "BUL"]
[SourceTitle "playchess.com"]
[Source "ChessBase"]
[SourceQuality "1"]

{[%evp 12,82,32,18,35,17,36,18,35,29,46,26,56,22,1,18,10,-13,-2,-14,4,-3,0,-36,-34,-36,-51,-49,-19,-118,-108,-107,-109,-127,-76,-160,-154,-166,-172,-204,-172,-211,-218,-487,-200,-452,-439,-500,-391,-414,-412,-435,-450,-430,-426,-433,-427,-638,-654,-636,-645,-738,-708,-661,-777,-736,-630,-1327,-1309,-1137,-1066,-1444,-1441]} 1. d4 d5 2. Nf3 Nf6 3. e3 Bf5 4. Bd3 Bg6 5. O-O e6 6. c4 {D04: Colle System} c6 7. Qc2 {LiveBook: 3 Games} Nbd7 8. Nbd2 {White is slightly better.} Bb4 $146 ({Predecessor:} 8... Bd6 9. Rd1 O-O 10. e4 dxe4 11. Nxe4 Nxe4 12. Bxe4 Nf6 13. Bxg6 hxg6 {½-½ (53) Riazantsev,A (2692)-Matlakov,M (2689) Dubai 2014}) 9. a3 Ba5 10. b4 Bc7 11. Bb2 Qe7 12. Rae1 Bxd3 13. Qxd3 O-O 14. e4 dxe4 15. Nxe4 Rfd8 16. Ng3 Qf8 17. Qc3 a5 18. Ne5 axb4 19. axb4 Ra4 20. b5 (20. Ra1 $11 {keeps the balance.} Rda8 21. Rxa4 Rxa4 22. Nd3) 20... cxb5 $17 21. cxb5 Nd5 22. Qc2 Ra5 ({Better is} 22... Qb4 {Threatens to win with ...Nxe5.} 23. Ra1 Rxa1 24. Rxa1 Qxb5) 23. Re4 (23. Ne4 $142) 23... Rxb5 24. Nxd7 Rxd7 25. Rh4 {[%csl Gh4][%cal Rc2h7] [#]} f5 26. Qe2 Rb6 27. Ra1 $2 (27. Bc1) 27... g5 (27... Qe7 $142 28. Rh3 Nf4) 28. Ba3 $2 (28. Rh5 {is the only way for White.}) 28... Qg7 $19 ({Weaker is} 28... gxh4 29. Bxf8 Kxf8 30. Nf1 $14) 29. Nxf5 Qf6 30. Qh5 {Qe8+ would kill now.} Qg6 31. Nh6+ {[#]} Kg7 $1 {White must now prevent ...Rb1+.Black is clearly winning.} 32. Qxg6+ Kxg6 33. Rh3 Nf4 $1 {[%csl LRd4,LRh3]} 34. Ng4 (34. Rf3 $142 Kxh6 35. Re3) 34... Nxh3+ 35. gxh3 Ra6 36. Kg2 Bf4 37. h4 h5 38. Ne3 Rxd4 39. Bb2 {Strongly threatening Rxa6.} Rxa1 40. Bxd4 Ra4 41. Nc2 Rc4 {Precision: White = 14%, Black = 54%.} 0-1

[Event "Tournament of Champions Women 2018"]
[Site "Pleven"]
[Date "2018.05.21"]
[Round "9"]
[White "Genova, Lyubka"]
[Black "Antova, Gabriela"]
[Result "0-1"]
[WhiteElo "2202"]
[BlackElo "2270"]
[Annotator "TA"]
[PlyCount "58"]
[EventDate "2018.??.??"]
[EventCountry "BUL"]
[SourceTitle "playchess.com"]
[Source "ChessBase"]
[SourceQuality "1"]

{[%evp 13,58,7,28,6,8,1,3,6,4,0,-2,-13,18,13,12,15,42,-29,-24,-36,-40,-112,-61,-78,-63,-53,0,-118,-48,-172,-136,-241,-224,-501,-484,-545,-108,-620,-597,-706,-715,-722,-712,-1095,-1077,-1281,-1275]} 1. e4 c5 2. Nf3 d6 3. Bb5+ Bd7 4. Bxd7+ Qxd7 5. c4 e5 6. Nc3 Nc6 7. d3 Be7 {LiveBook: 6 Partien. B52: Sizilianisch (Rossolimo-Variante)} 8. Nd5 (8. a3 Bd8 9. O-O Nge7 10. b4 cxb4 11. axb4 Nxb4 12. Ba3 Nbc6 13. d4 exd4 14. Nxd4 Nxd4 15. Qxd4 {0-1 (38) Bacrot,E (2708)-Carlsen,M (2832) Paris 2017}) 8... Bd8 9. O-O Nge7 {Die Stellung ist ausgeglichen.} 10. a3 O-O $146 ({Vorgänger:} 10... a5 11. Bg5 Nxd5 12. exd5 Nd4 13. Nxd4 Bxg5 14. Nb5 O-O {½-½ (35) Naiditsch,A (2652)-Georgiev,K (2663) Liepaja 2007}) 11. Rb1 f5 12. b4 {[%cal Bb2b4,Bb4b5][%mdl 32]} b6 13. b5 Nd4 14. Nxd4 exd4 15. f4 (15. Qf3 $14) 15... fxe4 $11 16. dxe4 Nxd5 17. cxd5 (17. exd5 $15 Re8 18. f5) 17... Re8 ({Besser ist} 17... Bf6 $17 18. Qd3 Rac8) 18. Re1 Bf6 19. Qd3 Qg4 (19... Qc7 $15 20. Qc4 Qf7) 20. Rb3 {[#]} (20. Bd2 $11) 20... Qg6 (20... Rac8 $1 $17 {...c4 ist eine echte Drohung.} 21. Qc4 Rc7) 21. f5 (21. Rb2 $1 $15) 21... Qg4 22. h3 (22. Rb2 $17 {ist wohl besser.}) 22... Qh4 23. Qe2 $2 {[#]} (23. g3 {kämpft weiter.} Qxh3 24. Bf4) 23... c4 $1 $19 {[%cal Bc5c4,Bc4c3][%mdl 544]} 24. g3 (24. Qxc4 Qxe1+) 24... d3 $2 (24... Qxe4 $19 {bietet bessere Gewinnchancen.} 25. Qxe4 Rxe4 26. Rxe4 cxb3) 25. Qg2 $2 {[%mdl 8192]} (25. Qxd3 $17 cxd3 26. gxh4) 25... Qh5 {Schwarz steht klar auf Gewinn.} 26. Rb1 c3 27. Kh2 Rac8 28. Rb3 Bg5 29. Bf4 d2 {Precision: Weiß = 16%, Schwarz = 42%.} 0-1

[Event "Tournament of Champions Women 2018"]
[Site "Pleven"]
[Date "2018.05.21"]
[Round "9"]
[White "Gocheva, Rumiana"]
[Black "Salimova, Nurgyul"]
[Result "1/2-1/2"]
[WhiteElo "2059"]
[BlackElo "2260"]
[Annotator "TA"]
[PlyCount "98"]
[EventDate "2018.??.??"]
[EventCountry "BUL"]
[SourceTitle "playchess.com"]
[Source "ChessBase"]
[SourceQuality "1"]

{[%evp 25,98,5,14,-15,-13,-12,-16,-17,-13,-7,0,0,15,0,16,21,18,-9,-1,-14,-7,-7,-10,-37,-13,-4,0,0,0,0,0,0,0,0,0,0,12,10,18,14,17,22,19,15,11,-25,7,6,5,4,4,4,4,4,4,4,4,6,6,10,18,6,6,6,31,27,33,7,22,5,58,31,37,27,27]} 1. e4 e5 2. Nf3 Nc6 3. Bc4 Nf6 4. d3 Be7 5. O-O O-O 6. Re1 d6 7. c3 Na5 8. Bb5 a6 9. Ba4 b5 10. Bc2 c5 11. Nbd2 Nc6 12. Nf1 Qc7 13. Ne3 Be6 {LiveBook: 9 Partien} 14. d4 {C90: Spanische Partie (Abweichungen von der Hauptvariante)} (14. Ng5 h6 15. Nxe6 fxe6 16. Qf3 Rae8 17. Qh3 Bd8 18. Bd2 Qf7 19. Rf1 Qh5 20. Qxh5 Nxh5 21. a4 Bb6 22. axb5 axb5 {1-0 (33) Fedorchuk,S (2656)-Olafsson,T (2266) Reykjavik 2013}) 14... cxd4 15. cxd4 exd4 16. Nxd4 {Die Stellung ist ausgeglichen.} Nxd4 17. Qxd4 Nd7 {[%cal Bf6d7,Bd7c5,Bc5e4][%mdl 32]} 18. Rd1 $146 ({Vorgänger:} 18. Nd5 Bxd5 19. exd5 Qxc2 20. Rxe7 Rae8 21. Rxe8 Rxe8 {0-1 (40) Stoleriu,G (2104)-Ciobanu,V (2180) Calimanesti 2015}) 18... Rad8 19. Bb3 Nc5 20. Nd5 Bxd5 21. Qxd5 Bf6 22. Bg5 Bxg5 23. Qxg5 Nxe4 24. Qf4 Nc5 25. Rac1 Qe7 26. Bd5 Rc8 27. g3 a5 28. Qd2 b4 29. a3 bxa3 30. bxa3 a4 31. Rc3 Rb8 32. Rf3 Qc7 33. Kg2 Kh8 34. Qf4 f6 35. g4 Qe7 36. Bc6 Rfd8 37. Bxa4 Qb7 38. Bc2 {Droht stark Df5.} Ne6 $1 {[%cal Re6f4]} 39. Qe4 Qxe4 40. Bxe4 Ng5 $132 {[%mdl 2048] Schwarz puts up resistance} 41. Re3 {Und Ld5 würde nun gewinnen.} Nxe4 42. Rxe4 $11 {[%mdl 4096] Endspiel KTT-KTT} Kg8 43. Rd5 Kf7 44. a4 {[%cal Ba3a4,Ba4a5][%mdl 32]} Rb6 45. a5 Ra6 46. Rb4 Ke6 47. Rbb5 g5 (47... Rc8 $11) 48. h4 h6 49. hxg5 hxg5 {Precision: Weiß = 51%, Schwarz = 55%.} 1/2-1/2